书目信息 |
| 题名: |
色粉画创作技法
|
|
| 作者: | ;何积惠 译 ;派拉蒙专业团队 著 | |
| 分册: | ||
| 出版信息: | 上海 上海书画出版社 2019.1 |
|
| 页数: | 157页 | |
| 开本: | 28cm | |
| 丛书名: | 西方绘画技法经典教程 | |
| 单 册: | ||
| 中图分类: | J216 | |
| 科图分类: | ||
| 主题词: | 色粉笔画--绘画技法--教材 | |
| 电子资源: | ||
| ISBN: | 978-7-5479-1945-3 | |
| 000 | 01723nam 2200325 45 | |
| 001 | 012001001445 | |
| 005 | 20130912131151.0 | |
| 010 | @a978-7-5479-1945-3@dCNY68.00 | |
| 092 | @aCN@b社科SX1904QH-389 | |
| 099 | @aCAL 012019051122 | |
| 100 | @a20190419d2019 em y0chiy0110 ea | |
| 101 | 1 | @achi@cspa |
| 102 | @aCN@b310000 | |
| 105 | @aa z 000yy | |
| 106 | @ar | |
| 200 | 1 | @a色粉画创作技法@Ase fen hua chuang zuo ji fa@f(西) 派拉蒙专业团队著@g何积惠译 |
| 210 | @a上海@c上海书画出版社@d2019.1 | |
| 215 | @a157页@c彩图@d28cm | |
| 225 | 2 | @a西方绘画技法经典教程@Axi fang hui hua ji fa jing dian jiao cheng |
| 306 | @a上海树实文化传播有限公司出品, “开普图书”归上海树实文化传播有限公司独家所有 | |
| 312 | @a西班牙文并列题名取自版权页 | |
| 330 | @a色粉画一直都被视作一种面向初学者的绘画技法, 有着丰富的表现力, 会给你带来无穷的乐趣, 是一个让人印象深刻且具有挑战性的画种, 也是一门美术爱好者需要解决的基础知识和技法课程。书中涵盖了大量专业知识性的建议, 可以说是包罗万象, 本书的后半部分为读者提供了大量可供实践的练习, 用详细的步骤和丰富的图例, 循序渐进地手把手教你色粉画的相关表现技法。书中提供了百余幅超高清照片, 用简洁明了的文字表述复杂的理论知识, 鼓励学习者从对大自然的细致观察入手, 逐步理解和学习色彩的各种表现。本书可读性强、实用性高、内容丰富。翻开封面、刮开涂层, 即可获取序列号来下载图书中的百余幅高清照片, 并配有视频技法演示, 以便读者随时练习色彩的不同变化, 使之尽快入门。 | |
| 461 | 0 | @12001 @a西方绘画技法经典教程 |
| 500 | 10 | @aAula de pintura-pastel@mChinese |
| 606 | 0 | @a色粉笔画@x绘画技法@j教材 |
| 690 | @aJ216@v5 | |
| 702 | 0 | @a何积惠@Ahe ji hui@4译 |
| 711 | 02 | @a派拉蒙专业团队@Apai la meng zhuan ye tuan dui@4著 |
| 801 | @aCN@b江苏凤凰@c20211018 | |
| 905 | @b1343529-32@dJ216@e1354@f4 | |
| 色粉画创作技法/(西) 派拉蒙专业团队著/何积惠译.-上海:上海书画出版社,2019.1 |
| 157页:彩图;28cm.-(西方绘画技法经典教程) |
| ISBN 978-7-5479-1945-3:CNY68.00 |
| 色粉画一直都被视作一种面向初学者的绘画技法, 有着丰富的表现力, 会给你带来无穷的乐趣, 是一个让人印象深刻且具有挑战性的画种, 也是一门美术爱好者需要解决的基础知识和技法课程。书中涵盖了大量专业知识性的建议, 可以说是包罗万象, 本书的后半部分为读者提供了大量可供实践的练习, 用详细的步骤和丰富的图例, 循序渐进地手把手教你色粉画的相关表现技法。书中提供了百余幅超高清照片, 用简洁明了的文字表述复杂的理论知识, 鼓励学习者从对大自然的细致观察入手, 逐步理解和学习色彩的各种表现。本书可读性强、实用性高、内容丰富。翻开封面、刮开涂层, 即可获取序列号来下载图书中的百余幅高清照片, 并配有视频技法演示, 以便读者随时练习色彩的不同变化, 使之尽快入门。 |
| ● |
| 相关链接 |
|
|
|
|
正题名:色粉画创作技法
索取号:J216/1354
 
预约/预借
| 序号 | 登录号 | 条形码 | 馆藏地/架位号 | 状态 | 备注 |
| 1 | 1343529 | 213435291 | 第一样本阅览室/ [索取号:J216/1354] | 在馆 | |
| 2 | 1343530 | 213435308 | 第一借阅区/ [索取号:J216/1354] | 在馆 | |
| 3 | 1343531 | 213435317 | 第一借阅区/ [索取号:J216/1354] | 在馆 | |
| 4 | 1343532 | 213435326 | 第一借阅区/ [索取号:J216/1354] | 在馆 |